<?xml version="1.0" encoding="UTF-8"?><?xml-stylesheet type="text/xsl" href="static/style.xsl"?><OAI-PMH xmlns="http://www.openarchives.org/OAI/2.0/" xmlns:xsi="http://www.w3.org/2001/XMLSchema-instance" xsi:schemaLocation="http://www.openarchives.org/OAI/2.0/ http://www.openarchives.org/OAI/2.0/OAI-PMH.xsd"><responseDate>2026-06-01T14:54:33Z</responseDate><request verb="GetRecord" identifier="oai:riuma.uma.es:10630/19852" metadataPrefix="marc">https://riuma.uma.es/rest/oai/request</request><GetRecord><record><header><identifier>oai:riuma.uma.es:10630/19852</identifier><datestamp>2026-02-03T12:53:07Z</datestamp><setSpec>com_10630_5701</setSpec><setSpec>com_10630_3139</setSpec><setSpec>com_10630_10</setSpec><setSpec>col_10630_18927</setSpec></header><metadata><record xmlns="http://www.loc.gov/MARC21/slim" xmlns:dcterms="http://purl.org/dc/terms/" xmlns:doc="http://www.lyncode.com/xoai" xmlns:xsi="http://www.w3.org/2001/XMLSchema-instance" xsi:schemaLocation="http://www.loc.gov/MARC21/slim http://www.loc.gov/standards/marcxml/schema/MARC21slim.xsd">
   <leader>00925njm 22002777a 4500</leader>
   <datafield ind2=" " ind1=" " tag="042">
      <subfield code="a">dc</subfield>
   </datafield>
   <datafield ind2=" " ind1=" " tag="720">
      <subfield code="a">García Gil, Elizabeth</subfield>
      <subfield code="e">author</subfield>
   </datafield>
   <datafield ind2=" " ind1=" " tag="260">
      <subfield code="c">2018</subfield>
   </datafield>
   <datafield ind2=" " ind1=" " tag="520">
      <subfield code="a">El presente trabajo tiene como objetivo realizar una aproximación a la presencia mariana en el ceremonial religioso acontecido en la Catedral de Málaga durante los siglos XVI-XIX. La metodología seguida para llevar a cabo la investigación ha sido el análisis&#xd;
de las fuentes documentales del Archivo Catedralicio de la capital malagueña, lo que ha permitido obtener una sustanciosa información de carácter social, religioso, económico e incluso identitario. Los escenarios sociales donde la representación de María imperaba eran las misas y las fi estas. Las dotaciones ofrendadas por los feligreses quedaron recogidas en los libros de censos, aniversarios y memorias que, junto con las mandas testamentarias, se convirtieron en el contexto ideal para manifestar su devoción y culto.</subfield>
   </datafield>
   <datafield ind1="8" ind2=" " tag="024">
      <subfield code="a">Baética, 38, 2018, p. 115-133</subfield>
   </datafield>
   <datafield ind1="8" ind2=" " tag="024">
      <subfield code="a">0212-5099</subfield>
   </datafield>
   <datafield ind1="8" ind2=" " tag="024">
      <subfield code="a">https://hdl.handle.net/10630/19852</subfield>
   </datafield>
   <datafield ind1="8" ind2=" " tag="024">
      <subfield code="a">https://doi.org/10.24310/BAETICA.2018.v0i38.5493</subfield>
   </datafield>
   <datafield tag="653" ind2=" " ind1=" ">
      <subfield code="a">Liturgia - Málaga - Historia</subfield>
   </datafield>
   <datafield ind2="0" ind1="0" tag="245">
      <subfield code="a">Advocación mariana y ceremonial religioso en la documentación del Archivo de la Catedral de Málaga: una aproximación a las fiestas, misas y dotaciones</subfield>
   </datafield>
</record>
</metadata></record></GetRecord></OAI-PMH>